[Event "Landesliga Sued 0607"]
[Site "Bayern"]
[Date "2007.04.22"]
[Round "9.4"]
[White "Tuchenhagen, Axel"]
[Black "Jurcik, Marian"]
[Result "0-1"]
[WhiteElo "2106"]
[BlackElo "2286"]
[PlyCount "36"]
[EventDate "2006.10.15"]
[EventType "team-tourn"]
[EventRounds "9"]
[EventCountry "GER"]
[SourceTitle "EXT 2008"]
[Source "ChessBase"]
[SourceDate "2007.11.25"]
[SourceVersion "1"]
[SourceVersionDate "2007.11.25"]
[SourceQuality "1"]
[WhiteTeam "Starnberg"]
[BlackTeam "Weilheim"]
[WhiteTeamCountry "GER"]
[BlackTeamCountry "GER"]

1. d4 d5 2. c4 c6 3. Nc3 Nf6 4. Bg5 dxc4 5. a4 Qa5 6. Bd2 e5 7. e3 exd4 8. exd4 Be6 9. Nf3 Qb6 10. Qe2 Be7 11. 0-0-0 Nd5 12. Qe4 Nd7 13. Re1 Qb3 14. h4 h6 15. Ne5 Nxe5 16. Qxe5 0-0 17. Ne4 Ba3 18. bxa3 c3 0-1

[Event "Landesliga Sued 0607"]
[Site "Bayern"]
[Date "2006.12.10"]
[Round "4.3"]
[White "Schoellmann, Jochen"]
[Black "Tuchenhagen, Axel"]
[Result "0-1"]
[WhiteElo "2193"]
[BlackElo "2106"]
[PlyCount "46"]
[EventDate "2006.10.15"]
[EventType "team-tourn"]
[EventRounds "9"]
[EventCountry "GER"]
[SourceTitle "EXT 2008"]
[Source "ChessBase"]
[SourceDate "2007.11.25"]
[SourceVersion "1"]
[SourceVersionDate "2007.11.25"]
[SourceQuality "1"]
[WhiteTeam "Garching"]
[BlackTeam "Starnberg"]
[WhiteTeamCountry "GER"]
[BlackTeamCountry "GER"]

1. e4 e5 2. Nf3 Nc6 3. d4 exd4 4. Nxd4 Nf6 5. Nxc6 bxc6 6. e5 Qe7 7. Qe2 Nd5 8. Nd2 Rb8 9. c4 Ba6 10. Qe4 Nb6 11. Bd3 d5 12. Qe2 dxc4 13. Be4 Bb5 14. Nf3 c3 15. Bd3 cxb2 16. Bxb2 Qb4+ 17. Nd2 Bxd3 18. Qxd3 Qxb2 19. Rb1 Qxe5+ 20. Kd1 Rd8 21. Qf3 Qd5 22. Re1+ Be7 23. Qf4 Rd7 0-1

[Event "Regionalliga SO 0506"]
[Site "Bayern"]
[Date "2006.03.12"]
[Round "8.3"]
[White "Schuler, Matthias"]
[Black "Tuchenhagen, Axel"]
[Result "0-1"]
[WhiteElo "1900"]
[BlackElo "2085"]
[PlyCount "110"]
[EventDate "2005.10.23"]
[EventType "team-tourn"]
[EventRounds "9"]
[EventCountry "GER"]
[SourceTitle "EXT 2007"]
[Source "ChessBase"]
[SourceDate "2006.11.23"]
[SourceVersion "1"]
[SourceVersionDate "2006.11.23"]
[SourceQuality "1"]
[WhiteTeam "Dorfen PSV"]
[BlackTeam "Starnberg SC"]
[WhiteTeamCountry "GER"]
[BlackTeamCountry "GER"]

1. e4 e5 2. f4 d5 3. exd5 Bc5 4. Nc3 Bxg1 5. Rxg1 exf4 6. Qe2+ Ne7 7. g3 0-0 8. gxf4 Re8 9. Qg2 Nf5+ 10. Be2 Qh4+ 11. Qf2 Qf6 12. d3 Nd4 13. Kd1 Nxe2 14. Nxe2 h5 15. Rg5 Bg4 16. Be3 Nd7 17. Kd2 Qe7 18. Rg1 f6 19. R5xg4 hxg4 20. Rxg4 Qb4+ 21. Nc3 Qxb2 22. Qg2 Re7 23. d6 cxd6 24. Qd5+ Rf7 25. Rh4 Rc8 26. Bd4 Nb6 27. Qh5 Kf8 28. Qh8+ Ke7 29. Nd5+ Nxd5 30. Qxc8 Qb4+ 31. Ke2 Rf8 32. Bxf6+ Nxf6 33. Qc7+ Nd7 34. Rh7 Rf7 35. Rh8 Qb6 36. Qc8 Rf8 37. Rxf8 Nxf8 38. Qf5 Ne6 39. Qe4 Qc6 40. f5 Qxe4+ 41. dxe4 Nc5 42. Kf3 Kf6 43. Kf4 b5 44. a3 a6 45. h3 Na4 46. h4 Nb2 47. Ke3 Ke5 48. h5 Nc4+ 49. Kd3 Nxa3 50. Kc3 Nc4 51. Kd3 a5 52. Kc3 a4 53. Kb4 a3 54. Kb3 Kf6 55. Ka2 Kg5 0-1

[Event "Regionalliga SO 0506"]
[Site "Bayern"]
[Date "2006.02.19"]
[Round "7.4"]
[White "Pilz, Dieter"]
[Black "Tuchenhagen, Axel"]
[Result "1/2-1/2"]
[WhiteElo "2299"]
[BlackElo "2085"]
[PlyCount "116"]
[EventDate "2005.10.23"]
[EventType "team-tourn"]
[EventRounds "9"]
[EventCountry "GER"]
[SourceTitle "EXT 2007"]
[Source "ChessBase"]
[SourceDate "2006.11.23"]
[SourceVersion "1"]
[SourceVersionDate "2006.11.23"]
[SourceQuality "1"]
[WhiteTeam "Weilheim"]
[BlackTeam "Starnberg SC"]
[WhiteTeamCountry "GER"]
[BlackTeamCountry "GER"]

1. Nf3 d5 2. c4 e6 3. g3 Nf6 4. Bg2 c6 5. Qc2 Nbd7 6. 0-0 dxc4 7. Qxc4 Be7 8. d4 0-0 9. Nc3 Qb6 10. e4 Rd8 11. a3 a5 12. h3 Qa6 13. Qb3 a4 14. Qc2 h6 15. Rd1 b6 16. Bf4 Bb7 17. Ne5 Rdc8 18. Bf1 Qa5 19. Nc4 Qa7 20. Bd6 Bd8 21. Bf4 Be7 22. Nd6 Bxd6 23. Bxd6 Ne8 24. Bf4 Ndf6 25. Rac1 Rd8 26. Bg2 Qa5 27. Rd2 Rd7 28. Re1 Nc7 29. Kh2 Nb5 30. Ne2 Rc8 31. Be3 Qa8 32. Nf4 Rdd8 33. e5 Nd5 34. Nxd5 cxd5 35. Qb1 Na7 36. Rc1 Nc6 37. Rdc2 Na5 38. Rxc8 Rxc8 39. Rxc8+ Qxc8 40. Qd1 Kf8 41. Qg4 Qd7 42. Qh4 Qc7 43. Bd2 Nc4 44. Bc3 Kg8 45. Qf4 Qc8 46. Qc1 Qc6 47. Qd1 Nxa3 48. bxa3 Qxc3 49. Qxa4 Bc6 50. Qa6 b5 51. Qc8+ Kh7 52. Qc7 Kg6 53. h4 h5 54. f4 Qc2 55. Kh3 Qf5+ 56. Kh2 Qc2 57. Kh3 Qf5+ 58. Kh2 Qc2 1/2-1/2